000 01738nam a2200385Ia 4500
001 9780203768716
003 BD-DhSAU
005 20151012151722.0
006 m|||||o||d||||||||
007 cr||||
008 131017s2014 nyuad ob 001 0 eng d
020 _a9780203768716 (e-book : PDF)
040 _aBD-DhSAU
_cBD-DhSAU
090 _aHD62.4
_b.W583 2014
092 _a658.4092
_bG562
100 1 _aWibbeke, E. S.
245 1 0 _aGlobal business leadership
_h[electronic resource] /
_cE.S. Wibbeke and Sarah McArthur.
250 _a2nd ed.
260 _aNew York :
_bRoutledge,
_c2014.
300 _axix, 316 p. :
_bill.
504 _aIncludes bibliographical references and index.
505 0 _a1. Geoleadership challenges -- 2. Culture and leadership -- 3. The principle of "care" -- 4. The principle of "communication" -- 5. The principle of "consciousness" -- 6. The principle of "contrasts" -- 7. The principle of "context" -- 8. The principle of "change" -- 9. The principle of "capability" -- 10. Gender and leadership -- 11. Technology and leadership -- 12. Geoleadership and the community.
530 _aAlso available in print edition.
538 _aMode of access: World Wide Web.
650 0 _aInternational business enterprises
_xSocial aspects.
650 0 _aLeadership
_xSocial aspects.
650 0 _aIntercultural communication.
650 0 _aBusiness communication
_xSocial aspects.
650 0 _aSex role in the work environment.
650 0 _aCorporate culture
_vCross-cultural studies.
655 7 _aElectronic books.
_2lcsh
700 1 _aMcArthur, Sarah.
776 1 _z9780415629812 (hardback)
_z9780415629829 (pbk.)
856 4 0 _uhttp://www.tandfebooks.com/isbn/9780203768716
999 _c12916
_d12915